[Event "GER-ch U25-C"]
[Site "Willingen"]
[Date "2023.05.30"]
[Round "4"]
[White "Lindl, Julian"]
[Black "Du, Melina"]
[Result "1-0"]
[WhiteElo "1148"]
[BlackElo "931"]
[PlyCount "97"]
[EventDate "2023.05.27"]
[EventType "swiss"]
[EventRounds "9"]
[EventCountry "GER"]
[SourceTitle "CBM 214 Extra"]
[Source "ChessBase"]
[SourceDate "2023.07.31"]
[SourceVersion "1"]
[SourceVersionDate "2023.07.31"]
[SourceQuality "1"]

1. b3 e5 2. Bb2 Nc6 3. e3 Nf6 4. Bb5 Bd6 5. Bxc6 dxc6 6. Nf3 e4 7. Nd4 Bg4 8. Ne2 0-0 9. 0-0 Bxe2 10. Qxe2 Nd5 11. d3 Qh4 12. g3 Qe7 13. dxe4 Qxe4 14. c4 Nb4 15. Nd2 Qc2 16. Rfb1 Nxa2 17. Rxa2 f6 18. Rc1 Qf5 19. Qf3 Qd3 20. Qd1 Rfe8 21. Nf3 Qxd1+ 22. Rxd1 Rad8 23. Rxa7 b5 24. cxb5 cxb5 25. Ra2 Be5 26. Rxd8 Rxd8 27. Bxe5 fxe5 28. Nxe5 c5 29. Rb2 Rc8 30. b4 c4 31. Rc2 c3 32. Nd7 Rc4 33. Nc5 h6 34. Kf1 Kh7 35. Ke2 Rxc5 36. bxc5 b4 37. c6 b3 38. Rxc3 b2 39. Rb3 b1Q 40. Rxb1 g6 41. c7 h5 42. c8Q Kh6 43. Qh8+ Kg5 44. Rb5+ Kg4 45. Qxh5+ gxh5 46. e4 h4 47. gxh4 Kxh4 48. Kf3 Kh3 49. Rh5# 1-0

[Event "GER-ch U25-C"]
[Site "Willingen"]
[Date "2023.05.29"]
[Round "3"]
[White "Liu, Kairui"]
[Black "Lindl, Julian"]
[Result "1-0"]
[WhiteElo "1024"]
[BlackElo "1148"]
[PlyCount "175"]
[EventDate "2023.05.27"]
[EventType "swiss"]
[EventRounds "9"]
[EventCountry "GER"]
[SourceTitle "CBM 214 Extra"]
[Source "ChessBase"]
[SourceDate "2023.07.31"]
[SourceVersion "1"]
[SourceVersionDate "2023.07.31"]
[SourceQuality "1"]

1. e4 d5 2. exd5 Qxd5 3. Nc3 Qd8 4. d4 Nf6 5. Bc4 c6 6. Nf3 Bf5 7. Ne5 e6 8. 0-0 Nbd7 9. Nxd7 Nxd7 10. Re1 Be7 11. Bf4 0-0 12. Re3 Bg5 13. Bxg5 Qxg5 14. Rg3 Qe7 15. Bd3 Bxd3 16. Qxd3 Rad8 17. Re1 Rfe8 18. Rh3 g6 19. Re4 Kg7 20. Reh4 Rh8 21. f3 Ne5 22. Qe3 Nd7 23. Qh6+ Kg8 24. Ne4 Qf8 25. Qxf8+ Nxf8 26. c3 Rc8 27. Nd6 Rc7 28. c4 Rd7 29. c5 Kg7 30. Ne8+ Kg8 31. Nf6+ Kg7 32. Nxd7 Nxd7 33. f4 Nf6 34. Rb3 Rb8 35. Re3 Rd8 36. Rd3 Ne4 37. g3 Nxc5 38. Rd1 Ne4 39. Kg2 c5 40. Kf3 Nf6 41. Ke3 h5 42. Rd3 c4 43. Rd1 b5 44. h3 Ng8 45. g4 hxg4 46. hxg4 Nh6 47. Rdh1 Rh8 48. Kf3 f5 49. g5 Nf7 50. Rxh8 Nxh8 51. Re1 Nf7 52. Rxe6 a5 53. Rb6 b4 54. Ra6 c3 55. bxc3 bxc3 56. Rc6 c2 57. Rxc2 Nd6 58. Rc5 a4 59. Ra5 a3 60. Rxa3 Nc4 61. Rc3 Nd2+ 62. Ke2 Ne4 63. Re3 Kf7 64. a4 Nd6 65. a5 Nb5 66. a6 Nxd4+ 67. Kd3 Nb5 68. Re5 Na7 69. Rc5 Ke6 70. Re5+ Kd6 71. Kd4 Nc6+ 72. Kc4 Nxe5+ 73. fxe5+ Kc7 74. e6 f4 75. Kd4 f3 76. Ke3 Kd6 77. Kxf3 Kxe6 78. Kg4 Kd6 79. a7 Ke6 80. a8Q Ke5 81. Qe8+ Kd4 82. Qxg6 Ke5 83. Qf5+ Kd6 84. g6 Kc6 85. g7 Kb6 86. g8Q Ka6 87. Qge6+ Kb7 88. Qff7+ 1-0

[Event "GER-ch U25-C"]
[Site "Willingen"]
[Date "2023.05.28"]
[Round "1"]
[White "Wagner, Valentin Thien Phu"]
[Black "Lindl, Julian"]
[Result "1/2-1/2"]
[WhiteElo "857"]
[BlackElo "1148"]
[PlyCount "65"]
[EventDate "2023.05.27"]
[EventType "swiss"]
[EventRounds "9"]
[EventCountry "GER"]
[SourceTitle "CBM 214 Extra"]
[Source "ChessBase"]
[SourceDate "2023.07.31"]
[SourceVersion "1"]
[SourceVersionDate "2023.07.31"]
[SourceQuality "1"]

1. e4 d5 2. Nc3 d4 3. Nce2 e5 4. Nf3 Nc6 5. Ng3 Nf6 6. Bc4 Be7 7. d3 Bg4 8. h3 Bxf3 9. Qxf3 Bb4+ 10. Bd2 Bxd2+ 11. Kxd2 Qe7 12. Nf5 Qf8 13. g4 0-0-0 14. g5 Nd7 15. c3 Kb8 16. Rab1 Nb6 17. b4 Nxc4+ 18. dxc4 dxc3+ 19. Kxc3 g6 20. b5 Nd4 21. Nxd4 exd4+ 22. Kd3 Rd7 23. Rhc1 Qe7 24. c5 Rc8 25. c6 Rd6 26. cxb7 Rcd8 27. e5 Rb6 28. Rc6 Rxb7 29. Ra6 Rb6 30. Rxb6+ axb6 31. h4 Qa3+ 32. Ke4 Qxf3+ 33. Kxf3 1/2-1/2